Das Verhandeln mit schwierigen Partnern bakalárska práca

Guardado en:
Detalles Bibliográficos
Autor principal: Schwanzerová, Karin
Autor Corporativo: Fakulta aplikovaných jazykov EU v Bratislave. Katedra interkultúrnej komunikácie
Otros Autores: Helmová, Milena, 1954-
Formato: Libro
Lenguaje:alemán
Publicado: Bratislava 2014
Etiquetas: Agregar Etiqueta
Sin Etiquetas, Sea el primero en etiquetar este registro!

MARC

LEADER 00000nbm a2200000 4500
001 0187009
005 20170201084644.3
041 0 |a ger 
044 |a SK 
245 1 0 |a Das Verhandeln mit schwierigen Partnern  |b bakalárska práca  |c Karin Schwanzerová ; školiteľ: Milena Helmová 
264 1 |a Bratislava  |c 2014 
300 |a 39 s. 
100 1 |a Schwanzerová, Karin 
700 1 |a Helmová, Milena, 1954- 
710 2 |a Fakulta aplikovaných jazykov EU v Bratislave. Katedra interkultúrnej komunikácie